| 000 | 00000nam##2200000za#4500 |
| 001 | 9.588026 |
| 003 | CaOODSP |
| 005 | 20210624194924 |
| 007 | cr ||||||||||| |
| 008 | 150406|2007||||xxc|||||o f|0| 0 fre|d |
| 022 | |a1701-1280 |
| 040 | |aCaOODSP|bfre |
| 041 | |aeng |
| 041 | |afre |
| 043 | |an-cn--- |
| 086 | 1 |aFs70-4/2006-046-PDF |
| 110 | 1 |aCanada. |bMinistère des pêches et des océans. |
| 245 | 10|aCompte rendu de la réunion du Processus consultatif régional concernant la crevette de l'est du plateau néo-écossais : |h[ressource électronique]|ble 5 décembre 2006, Institut océanographique de Bedford, Dartmouth (N.-É.) / |c[par] Waybe [sic] Stobo. |
| 260 | |aDartmouth - Nouvelle-Écosse : |bPêches et Océans Canada |cMars 2007. |
| 300 | |a14p. |
| 490 | 1 |aSecrétariat canadien de consultation scientifique, série des comptes rendus|x1701-1280|v2006/046 |
| 590 | |a11-31-Supp|b2011-12-13 |
| 720 | 1 |aStobo, Wayne |
| 791 | |tProceedings of the Maritimes Regional Advisory Process on eastern Scotian Shelf shrimp : |eeng|w(CaOODSP)9.588025 |
| 830 | #0|aCompte rendu (Secrétariat canadien de consultation scientifique)|x1701-1280|v2006/046|w(CaOODSP)9.500508 |
| 856 | 40|ahttp://publications.gc.ca|qPDF|s88 Ko|uhttps://publications.gc.ca/collections/collection_2011/mpo-dfo/Fs70-4-2006-046.pdf|y2006/046 |